[Event "Tunja Boyacense op"]
[Site "Tunja"]
[Date "2018.12.15"]
[Round "5"]
[White "Campos Gomez, Manuel"]
[Black "Cruz Tafur, Wilson German"]
[Result "0-1"]
[WhiteElo "1891"]
[BlackElo "1600"]
[PlyCount "47"]
[EventDate "2018.12.13"]
[EventType "swiss"]
[EventRounds "7"]
[EventCountry "COL"]
[SourceTitle "CBM 187 Extra"]
[Source "ChessBase"]
[SourceDate "2018.11.04"]
[SourceVersion "1"]
[SourceVersionDate "2018.11.04"]
[SourceQuality "1"]

1. e4 Nc6 2. Nf3 d5 3. exd5 Qxd5 4. Nc3 Qa5 5. Be2 Nf6 6. 0-0 Bg4 7. d3 e6 8. Be3 Bd6 9. Nd2 Qh5 10. f4 Bxe2 11. Qxe2 Qxe2 12. Nxe2 Nd5 13. Nc4 Nxe3 14. Nxe3 Bc5 15. Kf2 0-0-0 16. Rfd1 Rhe8 17. c3 e5 18. fxe5 Bxe3+ 19. Kxe3 Nxe5 20. d4 Nc4+ 21. Kf2 Nxb2 22. Rd2 Nc4 23. Rdd1 Rd6 24. Rd3 0-1

[Event "Tunja Boyacense op"]
[Site "Tunja"]
[Date "2018.12.14"]
[Round "3"]
[White "Morantes Maldonado, Brandon"]
[Black "Cruz Tafur, Wilson German"]
[Result "0-1"]
[WhiteElo "1940"]
[BlackElo "1600"]
[PlyCount "92"]
[EventDate "2018.12.13"]
[EventType "swiss"]
[EventRounds "7"]
[EventCountry "COL"]
[SourceTitle "CBM 187 Extra"]
[Source "ChessBase"]
[SourceDate "2018.11.04"]
[SourceVersion "1"]
[SourceVersionDate "2018.11.04"]
[SourceQuality "1"]

1. e4 d5 2. exd5 Nf6 3. d4 Nxd5 4. c4 Nf6 5. Bg5 c6 6. Nf3 g6 7. Nc3 Bg7 8. Be2 0-0 9. 0-0 Bf5 10. Qd2 Qc7 11. Bf4 Qb6 12. Rad1 Nbd7 13. b3 a5 14. d5 cxd5 15. cxd5 Rac8 16. Bc4 Qb4 17. Nd4 Nb6 18. Nxf5 gxf5 19. Ne2 Nxc4 20. Qxb4 axb4 21. bxc4 Rxc4 22. d6 e6 23. Rd3 Nd5 24. Bg5 f6 25. Bh4 Rd8 26. Bg3 Bf8 27. Nd4 Kf7 28. Re1 f4 29. Nxe6 Rxd6 30. Nxf8 fxg3 31. Nxh7 Kg7 32. Nxf6 gxf2+ 33. Kxf2 Rxf6+ 34. Kg3 Rc3 35. Rxc3 bxc3 36. Rc1 Rc6 37. a3 Ra6 38. Kf3 Re6 39. Rc2 Kf6 40. h3 Re3+ 41. Kf2 Ke5 42. Re2 Kd4 43. Rxe3 Nxe3 44. Ke2 Nxg2 45. Kd1 Kd3 46. Kc1 Nf4 0-1